000 00604nam a2200205Ia 4500
003 GCL
008 140319s9999 xx 000 0 ara d
040 _aGCL /
_cGCL
082 0 4 _a813.03
_bت ت
100 1 _aتوفيق الحكيم
245 1 0 _aالتعادلية مع الاسلام والتعادلية /
_cتوفيق الحكيم
260 _a[S.N] :
_bمكتبة الاداب
300 _a234 ص
490 _a
650 0 4 _aالاسلام
650 0 4 _aالاسلام والمجتمع
650 0 4 _aالحضارة الاسلامية
650 0 4 _aالتعادلية
942 _2ddc
_cBK
999 _c30435
_d30435